| 000 | 00417nam a2200157Ia 4500 | ||
|---|---|---|---|
| 008 | 230711s9999||||xx |||||||||||||| ||und|| | ||
| 041 | _aENG | ||
| 082 |
_a4 _bCO-I |
||
| 100 | _aComer,Douglas E | ||
| 245 | 0 | _aInternetworking with TCP/IP V3 : client-server programming and applications | |
| 250 | _a2nd . Ed. | ||
| 260 |
_c2006 _aNew Delhi _bPearson |
||
| 300 | _a547 | ||
| 650 | _aComputer Engineering | ||
| 942 | _cBK | ||
| 999 |
_c4619 _d4619 |
||